| 000 | 01135cam a22003137a 4500 | ||
|---|---|---|---|
| 003 | CHAP | ||
| 005 | 20220329135418.0 | ||
| 008 | 971013s1982 r 00010 d | ||
| 010 | _a36019 | ||
| 011 | _a36991 | ||
| 035 | _a41110 | ||
| 040 | _cCHAP | ||
| 082 |
_a312 _bM4 |
||
| 110 |
_aMéxico. Coordinación General de los Servicios Nacionales de Estadística, Geografía e Informática _976893 |
||
| 245 | 0 |
_aSistemas de estadísticas sociales y demográficas _b: bases teóricas y metodológicas, aplicaciones generales |
|
| 260 |
_aMéxico, D.F. : _bLa Coordinación, _c1982 |
||
| 300 |
_a460 p. _b: ilus. ; gráfs |
||
| 490 | 0 |
_aSerie de lecturas _v; 2 |
|
| 590 |
_aBATCH-UPD _b10 _c20130110 _lUCH01 _h1710 |
||
| 590 |
_aBATCH-UPD _b10 _c20130410 _lUCH01 _h1056 |
||
| 590 |
_aBATCH-UPD _b10 _c20130914 _lUCH01 _h1326 |
||
| 590 |
_aCONVERSION _b10 _c20130109 _lUCH01 _h1320 |
||
| 650 | 1 | 4 |
_aEstadísticas sociales. _938266 |
| 650 | 1 | 4 |
_aPoblación _xEstadísticas _zMéxico. _989385 |
| 830 | 0 |
_aSerie de lecturas _v; 2 _9104749 |
|
| 901 | _aBK | ||
| 942 | _cLIBRO | ||
| 949 |
_a312 M4 _bBC _cLIBRO _d33724000300349 _eLIBRO _h17804 _i41110 _si |
||
| 999 |
_c36019 _d36019 |
||